Komplexný ekonometrický model

Guardado en:
Detalles Bibliográficos
Autor principal: Brlejová, Soňa, 1987-
Formato: Libro
Lenguaje:eslovaco
Publicado: Bratislava 2014
Materias:
Etiquetas: Agregar Etiqueta
Sin Etiquetas, Sea el primero en etiquetar este registro!

MARC

LEADER 00000nam a2200000 4500
001 0192349
005 20240416113600.8
041 0 |a slo 
044 |a SK 
245 1 0 |a Komplexný ekonometrický model  |c Soňa Brlejová 
264 1 |a Bratislava  |c 2014 
300 |a [21 s., 16,45 NS] 
610 2 0 |a modely ekonometrické 
610 2 0 |a odhady 
100 1 |a Brlejová, Soňa, 1987-